000 00481nam a2200157Ia 4500
999 _c19484
_d19484
003 OSt
005 20200619151705.0
008 190216s9999||||xx |||||||||||||| ||und||
040 _coclc
082 _a954.02
_bRAY/S
100 _aRaychoudhary, S C
_93016
245 0 _aSocial Cultural And Economic History Of India /
_cS C Raychoudhary
260 _bSurjeet Publications,
_c1984.
_aDelhi:
300 _a271p
942 _cBK
_2ddc
_h954.02
_iRAY/S
_k954.02
_mRAY/S